<?xml version="1.0" encoding="UTF-8"?>
<record
    xmlns:xsi="http://www.w3.org/2001/XMLSchema-instance"
    xsi:schemaLocation="http://www.loc.gov/MARC21/slim http://www.loc.gov/standards/marcxml/schema/MARC21slim.xsd"
    xmlns="http://www.loc.gov/MARC21/slim">

  <leader>00861nam a2200277 i 4500</leader>
  <controlfield tag="005">20220317000152.0</controlfield>
  <controlfield tag="007">ta</controlfield>
  <controlfield tag="008">200428s2001    ck     gr     000 f spa d</controlfield>
  <datafield tag="020" ind1=" " ind2=" ">
    <subfield code="a">9789587045437</subfield>
  </datafield>
  <datafield tag="040" ind1=" " ind2=" ">
    <subfield code="a">CO-BoRNBP</subfield>
    <subfield code="b">spa</subfield>
    <subfield code="c">CO-BoRNBP</subfield>
    <subfield code="e">rda</subfield>
  </datafield>
  <datafield tag="041" ind1="0" ind2=" ">
    <subfield code="a">spa</subfield>
  </datafield>
  <datafield tag="084" ind1=" " ind2=" ">
    <subfield code="a">N VAS3</subfield>
  </datafield>
  <datafield tag="100" ind1="1" ind2=" ">
    <subfield code="a">V&#xE1;squez, Juan Gabriel</subfield>
    <subfield code="d">1973-</subfield>
    <subfield code="e">autor</subfield>
  </datafield>
  <datafield tag="245" ind1="1" ind2="0">
    <subfield code="a">Historia secreta de Costaguana</subfield>
    <subfield code="c">Juan Gabriel V&#xE1;squez</subfield>
  </datafield>
  <datafield tag="250" ind1=" " ind2=" ">
    <subfield code="a">Primera edici&#xF3;n</subfield>
  </datafield>
  <datafield tag="264" ind1=" " ind2="1">
    <subfield code="a">Bogot&#xE1;</subfield>
    <subfield code="b">Alfaguara</subfield>
    <subfield code="c">2001</subfield>
  </datafield>
  <datafield tag="300" ind1=" " ind2=" ">
    <subfield code="a">289 p&#xE1;ginas</subfield>
    <subfield code="c">19 cm</subfield>
  </datafield>
  <datafield tag="336" ind1=" " ind2=" ">
    <subfield code="a">texto</subfield>
    <subfield code="b">txt</subfield>
    <subfield code="2">rdacontent</subfield>
  </datafield>
  <datafield tag="337" ind1=" " ind2=" ">
    <subfield code="a">sin mediaci&#xF3;n</subfield>
    <subfield code="b">n</subfield>
    <subfield code="2">rdamedia</subfield>
  </datafield>
  <datafield tag="338" ind1=" " ind2=" ">
    <subfield code="a">volumen</subfield>
    <subfield code="b">nc</subfield>
    <subfield code="2">rdacarrier</subfield>
  </datafield>
  <datafield tag="650" ind1="1" ind2="7">
    <subfield code="a">Novela colombiana</subfield>
    <subfield code="y">Siglo XX</subfield>
    <subfield code="2">ARMARC</subfield>
  </datafield>
  <datafield tag="650" ind1="1" ind2="7">
    <subfield code="a">Literatura colombiana</subfield>
    <subfield code="y">Siglo XX</subfield>
    <subfield code="2">ARMARC</subfield>
  </datafield>
  <datafield tag="650" ind1="1" ind2="7">
    <subfield code="a">Historias de aventuras</subfield>
    <subfield code="v">Novela</subfield>
    <subfield code="2">ARMARC</subfield>
  </datafield>
  <datafield tag="650" ind1="1" ind2="7">
    <subfield code="a">Imaginaci&#xF3;n</subfield>
    <subfield code="v">Novela</subfield>
    <subfield code="2">ARMARC</subfield>
  </datafield>
  <datafield tag="942" ind1=" " ind2=" ">
    <subfield code="2">loc</subfield>
    <subfield code="c">BKLIT</subfield>
  </datafield>
  <datafield tag="999" ind1=" " ind2=" ">
    <subfield code="c">3289</subfield>
    <subfield code="d">3289</subfield>
  </datafield>
  <datafield tag="952" ind1=" " ind2=" ">
    <subfield code="0">0</subfield>
    <subfield code="1">0</subfield>
    <subfield code="2">ddc</subfield>
    <subfield code="4">0</subfield>
    <subfield code="7">0</subfield>
    <subfield code="8">001</subfield>
    <subfield code="a">MEMAPIRI</subfield>
    <subfield code="b">MEMAPIRI</subfield>
    <subfield code="c">LIT</subfield>
    <subfield code="d">2024-01-18</subfield>
    <subfield code="l">0</subfield>
    <subfield code="o">N VAS3</subfield>
    <subfield code="p">MAP00002314</subfield>
    <subfield code="r">2024-01-18 19:22:26</subfield>
    <subfield code="t">Ej.1</subfield>
    <subfield code="w">2024-01-18</subfield>
    <subfield code="y">BKLIT</subfield>
  </datafield>
  <datafield tag="952" ind1=" " ind2=" ">
    <subfield code="0">0</subfield>
    <subfield code="1">0</subfield>
    <subfield code="2">ddc</subfield>
    <subfield code="4">0</subfield>
    <subfield code="7">0</subfield>
    <subfield code="8">GEN</subfield>
    <subfield code="a">MECASARI</subfield>
    <subfield code="b">MECASARI</subfield>
    <subfield code="c">LIT</subfield>
    <subfield code="d">2024-11-16</subfield>
    <subfield code="l">0</subfield>
    <subfield code="o">VAS3</subfield>
    <subfield code="p">BM0000692</subfield>
    <subfield code="r">2024-11-16 19:36:25</subfield>
    <subfield code="t">Ej.1</subfield>
    <subfield code="w">2024-11-16</subfield>
    <subfield code="y">BKLIT</subfield>
  </datafield>
  <datafield tag="952" ind1=" " ind2=" ">
    <subfield code="0">0</subfield>
    <subfield code="1">0</subfield>
    <subfield code="4">0</subfield>
    <subfield code="7">0</subfield>
    <subfield code="8">012</subfield>
    <subfield code="a">MEVIGERR</subfield>
    <subfield code="b">MEVIGERR</subfield>
    <subfield code="c">LIT</subfield>
    <subfield code="d">2015-10-15</subfield>
    <subfield code="o">N VAS3h</subfield>
    <subfield code="p">ECA24289</subfield>
    <subfield code="r">2024-11-26 09:16:48</subfield>
    <subfield code="t">Ej.1</subfield>
    <subfield code="w">2024-11-26</subfield>
    <subfield code="y">BK</subfield>
    <subfield code="z">18251 | 23347</subfield>
  </datafield>
  <datafield tag="952" ind1=" " ind2=" ">
    <subfield code="0">0</subfield>
    <subfield code="1">0</subfield>
    <subfield code="2">ddc</subfield>
    <subfield code="4">0</subfield>
    <subfield code="7">0</subfield>
    <subfield code="8">012</subfield>
    <subfield code="a">MEGRANAD</subfield>
    <subfield code="b">MEGRANAD</subfield>
    <subfield code="c">LIT</subfield>
    <subfield code="d">2026-03-18</subfield>
    <subfield code="e">BIBLIOTECA NACIONAL DE COLOMBIA</subfield>
    <subfield code="l">0</subfield>
    <subfield code="o">N VAS3</subfield>
    <subfield code="p">GRDA05304</subfield>
    <subfield code="r">2026-03-18 19:46:43</subfield>
    <subfield code="t">Ej.1</subfield>
    <subfield code="w">2026-03-18</subfield>
    <subfield code="y">BKLIT</subfield>
  </datafield>
</record>
